• 首页
  • 本馆介绍
  • 公告通知
  • 最新文献
  • 馆藏检索
  • 电子资源
  • 读者导购
  • 参考咨询
  • 我的图书馆
  • 登录
  • 详细信息显示
  • 放入我的书架
  • 预约/预借图书
  • 作者相关作品
  • 分类相关作品
  • 丛书相关作品
  • 出版社相关作品

书目信息

  • 表格格式
  • 工作单格式
  • 卡片格式
题名:
国际经济学教程
    
 
作者: 黄卫平 , 彭刚 编著
分册:  
出版信息: 北京   中国人民大学出版社  2004
页数: 页
开本: 20cm
丛书名:
单 册:
中图分类: F11-0
科图分类:
主题词: 国际经济学 , 国际经济学--高等学校--教材
电子资源:
ISBN: 7-300-05404-8
000 01081nam0 2200289 450
000 01095nam0 2200289 450
000 01027nam0 2200265 450
000 00991oam2 2200253 45
005 20070725150856.32
010    @a7-300-05404-8@dCNY26.00
100    @a20070626d2004 em y0chiy0120 ea
101 0  @achi
102    @aCN@b110000
105    @ay z 000yy
200 1  @a国际经济学教程@AGuo Ji Jing Ji Xue Jiao Cheng@f黄卫平,彭刚[编著] @FHuang Wei Ping, Peng Gang [ Bian Zhu ]
210    @a北京@c中国人民大学出版社@d2004
215    @a页@c图@d20cm
300    @a普通高等教育“十五”国家级规划教材 21世纪经济学系列教材
330    @a本书阐述了国际贸易理论与政策、国际收支理论、汇率理论、国际金融制度分析、要素的国际流动、国际投资理论、开放的宏观经济均衡等内容。
510 1  @aInternational Economics@zeng
606 0  @a国际经济学
606 0  @a国际经济学@x高等学校@j教材
690    @aF11-0@v4
701  0 @a黄卫平@AHuang Wei Ping@c(国际经济, @f1951~)@4编著
701  0 @a彭刚@APeng Gang@f(1955.12~)@4编著
801  0 @aCN@bTAOJIN@c20070725
905    @a10447@dF11-0@e127
    
    国际经济学教程/黄卫平,彭刚[编著] .-北京:中国人民大学出版社,2004
    页:图;20cm
    普通高等教育“十五”国家级规划教材 21世纪经济学系列教材
    
    ISBN 7-300-05404-8:CNY26.00
    本书阐述了国际贸易理论与政策、国际收支理论、汇率理论、国际金融制度分析、要素的国际流动、国际投资理论、开放的宏观经济均衡等内容。
●
相关链接 在E读中查询图书 在五车中查询图书 在当当中查询图书 在豆瓣中查询图书


正题名:国际经济学教程     索取号:F11-0/127         预约/预借

序号 登录号 条形码 馆藏地/架位号 状态 备注
1 0825797   208257973   第一样本阅览室/ [索取号:F11-0/127] 在馆    
2 0825798   208257982   第一借阅区/ [索取号:F11-0/127] 在馆    
3 0825799   208257991   第一借阅区/ [索取号:F11-0/127] 在馆    
4 0825800   208258008   第一借阅区/ [索取号:F11-0/127] 在馆    
5 0825801   208258017   第一借阅区/ [索取号:F11-0/127] 在馆    
6 0825802   208258026   第一借阅区/ [索取号:F11-0/127] 在馆    
7 0825803   208258035   第一借阅区/ [索取号:F11-0/127] 在馆    
8 0825804   208258044   第一借阅区/ [索取号:F11-0/127] 在馆    
唐山师范学院图书馆 欢迎您!
大连网信软件有限公司© 版权所有